000 00215nam a2200097Ia 4500
008 170619s9999 xx 000 0 und d
100 _aLewin-Benjamin
245 0 _aGenes VII
260 _bOxford Uni. Press
260 _c2003
546 _aENGLISH
999 _c18058
_d18058